000 00550nam a22001817a 4500
003 UA-OsUOA
001 8740
007 ta
008 20040918b un ||||| |||| 00| 0 ukr d
100 _aТубіна С.
942 _cSA
040 _aUA-OsUOA
_cUA-OsUOA
_dUA-OsUOA
245 _aТаємниці Тараканівського форту[Дубен. р-н]
300 _aС.4
955 _a0
773 0 _w0
_tВісті Рівненщини
_dРівне
_d2004
_g№85/15 верес./
650 7 _aПам'ятники архітектури
_2UDC
999 _c294901
_d294901